000
00324nam a2200133Ia 4500
008
150301s2015 xx 000 0 und d
082
_a
615.1
_b
P11N
100
_a
R.K NEMA
245
2
_a
A PRACTICAL APPROAEH TO PHARMACEUTICAL ANALYSIS
260
_b
CBS- DELHI
300
_a
206
650
_a
PHARMACEUTICS
942
_2
ddc
_c
BK
999
_c
7189
_d
7189